000 00714nam a2200289Ia 4500
005 20260324131930.0
008 008 260324s9999 xx 000 0 eng d
020 _a9780203339183
037 _aEBOOK
040 _aCRL
040 _beng
040 _cCRL
041 _2eng
041 _aeng
084 _qCRL
100 _aSusanne Royer
_91187394
245 0 _aStrategic Management and Online Selling
245 0 _bCreating Competitive Advantage with Intangible Web Goods
260 _bTaylor and Francis
260 _c2005
365 _a
365 _b325
856 _uhttp://www.taylorfrancis.com/books/9780203339183
942 _cEBOOK
999 _c1784989
_d1784989